| 000 | 00376nam a2200145Ia 4500 | ||
|---|---|---|---|
| 008 | 240624s9999 xx 000 0 und d | ||
| 041 | _aeng | ||
| 082 | _a657 SHU | ||
| 100 | _aSHUKLA M C | ||
| 245 | _aADVANCED ACCOUNTS VOLUME 1 | ||
| 250 | _a(Revised Edition ed.) | ||
| 260 |
_c2012 _aNew Delhi _bSultan Chand & Sons |
||
| 300 | _axiii, : 532 : p. : cm. ; 23 | ||
| 365 | _cRS | ||
| 999 |
_c24208 _d24208 |
||